000 01081nam a22002537a 4500
003 OSt
005 20250918154543.0
008 240401b ||||| |||| 00| 0 eng d
040 _c0
082 _aDPer 621.381 In821 September 2022 v. 37 n. 9
100 _aYi, Peng.
_eauthor.
_955573
245 _aPMSM torque ripple minimization based on novel low carrier ratio PWM technique /
_cPeng Yi, Yongchao Yin, Xinjian Wang, Xianglin Li, Daolian Chen, Yu Hu, and Wenjin Ruan.
260 _aNew York ;
_bThe Institute of Electrical and Electronics Engineers, Inc. ,
_cSeptember 2022.
300 _aVolume 37,pages 11071-11084 :
_billustration ;
_c28 cm.
500 _aIEEE Transitions on Power Electronics, v. 37 n. 9, pages 11071-11084, September 2022.
700 _aYi, Peng.
_eauthor.
_955573
700 _aYin, Yongchao.
_eauthor.
_955574
700 _aWang, Xinjian.
_eauthor.
_955575
700 _aLi, Xianglin.
_eauthor.
_955576
700 _aChen, Daolian.
_eauthor.
_955577
700 _aHu, Yu.
_eauthor.
_955578
700 _aRuan, Wenjin.
_eauthor.
_955579
942 _2ddc
_cPER
999 _c19909
_d19909